|
|
|
|
| LEADER |
01285nam a22003252a 4500 |
| 001 |
000301359 |
| 003 |
CZ BrMZK |
| 005 |
20140404141119.0 |
| 007 |
ta |
| 008 |
980105s1964 xr a f cze d |
| 015 |
|
|
|a cnb000442211
|
| 035 |
|
|
|a (OCoLC)42168443
|
| 040 |
|
|
|a ABA001
|b cze
|c OLA001
|d ABA001
|d BOA001
|
| 080 |
9 |
|
|a 621.2.09+621.25/.27:331.875
|
| 100 |
1 |
|
|a Mach, Jaroslav
|4 aut
|
| 245 |
1 |
0 |
|a Mechanizace hydraulikou :
|b určeno konstruktérům mechanizačních skupin, zlepšovatelům, dělníkům podílejícím se na výrobním zařízení /
|c Jaroslav Mach, František Holec
|
| 250 |
|
|
|a 1. vyd.
|
| 260 |
|
|
|a Praha :
|b Státní nakladatelství technické literatury,
|c 1964
|
| 300 |
|
|
|a 226 s. :
|b il. ;
|c 8°
|
| 490 |
1 |
|
|a Řada strojírenské lit.
|
| 500 |
|
|
|a 2415 výt.
|
| 504 |
|
|
|a Obsahuje bibliografii
|
| 500 |
|
|
|a Dostupné též v digitální podobě v aplikaci Kramerius
|
| 700 |
1 |
|
|a Holec, František,
|d 1902-
|7 jk01041681
|
| 830 |
|
0 |
|a Řada strojírenské literatury
|0 s
|
| 856 |
4 |
1 |
|u http://www.digitalniknihovna.cz/mzk/uuid/uuid:280a0f60-c976-11e5-bef4-005056827e51
|y Digitalizovaný dokument
|x NDK
|
| 910 |
|
|
|a BOA001
|b 2-0512.463
|
| 990 |
|
|
|a BK
|
| 991 |
|
|
|b 201403
|
| 996 |
7 |
|
|b 2619866983
|c 2-0512.463
|l HP2
|r DEN
|n 3
|w 000301359
|u 000010
|a 1
|e BOA001
|j MZK50
|s A
|